000 00635cas a22001935a 4500
001 L141331
008 071116n xxkmr p 0 a0eng u
035 _a(Sirsi) u141331
041 0 _aeng
110 2 _aWiltshire and Co.
_95452
245 0 0 _aMonthly register of land, houses, shops, freehold & leasehold properties & ground rents &c. to be let or sold
260 _aLondon
_bWiltshire & Co.
_c[c. 1910?]
500 _aTitle from cover.
500 _aPresented by S. Howard of Wiltshire & Co. in January 1975.
554 _aOne per month
651 4 _aLondon
690 _aPROPERTY-PROPERTY ACQUISITION AND DISPOSAL
942 _n0
999 _c119155
_d119155